000 00450nam a2200181Ia 4500
001 4753
005 20260306145818.0
008 260306t2011||||xx |||||||||||||| ||spa||
041 _aESP
082 _a330.015195
_bP45A
100 _aPérez López, César
_eAUT
245 0 _aEconometría avanzada:
_btécnicas y herramientas
260 _c2011
300 _a740 páginas :
_c24 cm.
650 _aGEN
654 _aCAN
942 _cLIB
_dJUS
_fJUS
_2ddc
_n
999 _c4753
_d4753